| 000 | 01283 a2200253 4500 | ||
|---|---|---|---|
| 001 | 49784 | ||
| 005 | 20260407155758.0 | ||
| 008 | 260407a1996 arg spa d | ||
| 003 | AR-UNSa-BCEJYS | ||
| 040 |
_aAR-UNSa-BCEJYS _bspa _cAR-UNSa-BCEJYS |
||
| 080 |
_a504.06 _xProtección del medio ambiente. Gestión de la calidad del medio ambiente |
||
| 245 | 1 | 0 |
_aSistemas de gestión medioambiental _pprincipios y práctica |
| 020 | _a84-481-0684-9 | ||
| 264 | 1 |
_aMadrid : _bMcGraw-Hill _c1996 |
|
| 300 |
_axii, 318 p. _c23 cm. |
||
| 505 | _a1. Introducción - 2. Historia de la preocupación por el medioambiente - 3. Visión general de la normativa medioambiental - 4. Desarrollo de las auditorías medioambientales y otras prácticas de gestión medioambiental - 5. Concepto de Sistema de Gestión de la Calidad - 6. La aproximación sistémica a la gestión medioambiental - 7. Desarrollo y aplicación de un Sistema de Gestión Medioambiental - 8. Desarrollos actuales y futuros. | ||
| 041 | _aspa | ||
| 942 | _cBK | ||
| 590 | _aniveau_biblio:m niveau_hierar:0 | ||
| 100 | 1 | _aHunt, David | |
| 700 | 1 | _aJohnson, Catherine | |
| 700 | 1 | _aQuintana de la Pedraja, María | |
| 856 | 4 | 1 |
_uhttps://www.biblioeco.unsa.edu.ar/pmb/images/libros/L128176.jpg _yImagen de portada _qimage/jpeg |
| 999 |
_c4879 _d4879 |
||